00459nam a2200145Ia 4500008004100000041001200041082001100053100001600064245005600080260000600136650000600142942000700148999001700155952014100172221030s9999 xx 000 0 und d aEnglish a105.23 aR. K. Gupta 0aObjective Question Bank Mathematicscby R. K. Gupta c0 aB cBK c12215d12215 pB 3879l0o105.23 r2022-10-30 00:00:00w2022-10-30yBK003Print4070aMIETLIBbMIETLIBcBL-, FL-, CUP-0, SH-0, R-0d2012-06-1510HBE